000 01060nam0a22003251 4500
001 RU\INFOCOMM_322\NLR\5000200578
005 20250613111226.0
035 _a(NLR Aleph) 009584042
090 _a9208923
_c9208923
100 _a20130227d1970 |||y0rusy50 ca
101 0 _aeng
102 _aRU
105 _ay z |||||
200 1 _aMoisture transfer and accidental air change in isothermal vehicles
_f[By] S. Metz ... (DDR)
210 _a[M.
_d1970]
215 _a23 с.
_cил.
_d21 см
300 _aБез тит. л. и обл.
309 _aОтпеч. множит. аппаратом
320 _aБиблиогр.: с. 15
606 0 _aПищевые продукты
_xХолодильное хранение
_2nlr_sh1
606 0 _aХолодильники
_xТеплопередача
_2nlr_sh1
620 _aМосква
686 _aТ15-56
_2rubbk
686 _aЛ813.74-51
_2rubbk
700 1 _aMetz
_bS.
801 1 _aRU
_bInfocomm
_c20130227
801 0 _aRU
_bINFOCOMM
_gPSBO
852 _aNLR
_jТ67 Д-4/48
942 _cBOOK
980 _aNB